000 00775nam a2200241Ia 4500
001 393
003 GE_BSU
008 181216s||||||||xx |||||||||||||| ||und||
020 _a9789941123245
040 _cGE_BSU
080 _a338.2(075.8)
100 _aგველესიანი, რევაზ;გოგორიშვილი, ირინა
245 _aეკონომიკური პოლიტიკა. წ.1
245 _bსახ–ლო
245 _cრედ. ვენგი ვოლფგანგ
260 _aთბილისი
260 _bუნივერსალი
260 _c2008
300 _a297გვ.
541 _h15ლ.
653 _aეკონომიკური პოლიტიკა
942 _cBK
999 _c34628
_d34628